Kadra Polski na finał Igrzysk Olimpijskich vs Francja - Statystyki

Ogólne statystyki
  • Ten quiz został rozwiązany 18 razy
  • Średni wynik to 8 z 13
Statystyki odpowiedzi
Hint Odpowiedź % Poprawnych
Atak Bartosz Kurek
94%
Przyjmujący Wilfredo Leon
94%
Przyjmujący Tomasz Fornal
83%
Środkowi Jakub Kochanowski
78%
Libero Paweł Zatorski
78%
Atak Bartłomiej Bołądź
67%
Atak Łukasz Kaczmarek
67%
Środkowi Norbert Huber
67%
Przyjmujący Aleksander Śliwka
61%
Rozgrywający Marcin Janusz
56%
Środkowi Mateusz Bieniek
56%
Przyjmujący Kamil Semeniuk
39%
Rozgrywajaąy Grzegorz Łomasz
6%
Nie znaleziono quizów pasujących do podanych kryteriów
Rozkład punktacji
Procent ludzi z każdym wynikiem
Percentyl według liczby udzielonych odpowiedzi
Twoja historia wyników
Nie rozwiązałeś tego quizu